[Event "Madrid-ch sf"]
[Site "Madrid"]
[Date "2016.02.10"]
[Round "3"]
[White "Perez Cameselle, Francisco Jose"]
[Black "Guerrero Gonzalez, Francisco"]
[Result "1/2-1/2"]
[WhiteElo "1858"]
[BlackElo "1706"]
[PlyCount "120"]
[EventDate "2016.02.08"]
[EventType "swiss"]
[EventRounds "9"]
[EventCountry "ESP"]
[SourceTitle "CBM 171 Extra"]
[Source "ChessBase"]
[SourceDate "2016.04.26"]
[SourceVersion "1"]
[SourceVersionDate "2016.04.26"]
[SourceQuality "1"]

1. d4 d5 2. Nf3 Nf6 3. c4 c6 4. Qc2 e6 5. g3 Nbd7 6. Bg2 Be7 7. 0-0 0-0 8. Nbd2 b6 9. e4 dxe4 10. Nxe4 Nxe4 11. Qxe4 Bb7 12. Bf4 Nf6 13. Qe2 c5 14. Rad1 cxd4 15. Nxd4 Qc8 16. Bxb7 Qxb7 17. Nb5 a6 18. Nd6 Qc6 19. b3 Rad8 20. Nf5 Bc5 21. Nh4 Rfe8 22. Rxd8 Rxd8 23. Rd1 Rxd1+ 24. Qxd1 h6 25. Qd8+ Kh7 26. Qd3+ Kg8 27. Be3 Ng4 28. Bxc5 Qxc5 29. Qd8+ Kh7 30. Qd3+ Kg8 31. Qe2 Ne5 32. Nf3 Nxf3+ 33. Qxf3 Qe5 34. Kg2 a5 35. Qa8+ Kh7 36. Qf3 Qb2 37. a4 Kg6 38. h4 Qe5 39. g4 f6 40. Qd3+ f5 41. gxf5+ Qxf5 42. Qg3+ Kf6 43. Qc3+ Qe5 44. Qf3+ Qf5 45. Qc3+ e5 46. Qg3 g5 47. h5 Ke6 48. Qe3 Qg4+ 49. Kf1 Qd1+ 50. Kg2 Qd6 51. Kf1 Qd1+ 52. Kg2 Qd6 53. Qe4 Kd7 54. Qh7+ Ke8 55. Qh8+ Kf7 56. Qh7+ Ke8 57. Qg8+ Ke7 58. Qg7+ Ke8 59. Qg8+ Ke7 60. Qg7+ Ke8 1/2-1/2

[Event "Collado Villalba op-B 32nd"]
[Site "Collado Villalba"]
[Date "2015.08.26"]
[Round "5"]
[White "Guerrero Gonzalez, Francisco"]
[Black "Soto Martin, Miguel"]
[Result "1-0"]
[WhiteElo "1753"]
[BlackElo "1716"]
[PlyCount "67"]
[EventDate "2015.08.22"]
[EventType "swiss"]
[EventRounds "9"]
[EventCountry "ESP"]
[SourceTitle "EXT 2016"]
[Source "ChessBase"]
[SourceDate "2015.10.08"]
[SourceVersion "1"]
[SourceVersionDate "2015.10.08"]
[SourceQuality "1"]

1. d4 Nf6 2. c4 g6 3. Nc3 Bg7 4. e4 d6 5. f4 0-0 6. Nf3 c5 7. d5 e6 8. Bd3 exd5 9. cxd5 b5 10. Bxb5 Nxe4 11. Nxe4 Qa5+ 12. Qd2 Qxb5 13. Nxd6 Qa6 14. Nxc8 Rxc8 15. Qe2 Qa5+ 16. Bd2 Qd8 17. 0-0 Qxd5 18. Rfd1 Qc6 19. Ne5 Re8 20. Bc3 Bxe5 21. fxe5 Nd7 22. Rf1 Qe6 23. Qf2 Rac8 24. Rae1 Nb6 25. Qh4 Nd5 26. Bd2 c4 27. Rf3 Qb6+ 28. Kh1 Qxb2 29. Ref1 Rc7 30. Ba5 Nb6 31. e6 Ree7 32. Bc3 Qe2 33. exf7+ Rxf7 34. Qd8+ 1-0

[Event "Collado Villalba op-B 32nd"]
[Site "Collado Villalba"]
[Date "2015.08.24"]
[Round "3"]
[White "Guerrero Gonzalez, Francisco"]
[Black "Andrade Sandoval, Jim Carlos"]
[Result "1/2-1/2"]
[WhiteElo "1753"]
[BlackElo "1824"]
[PlyCount "79"]
[EventDate "2015.08.22"]
[EventType "swiss"]
[EventRounds "9"]
[EventCountry "ESP"]
[SourceTitle "EXT 2016"]
[Source "ChessBase"]
[SourceDate "2015.10.08"]
[SourceVersion "1"]
[SourceVersionDate "2015.10.08"]
[SourceQuality "1"]

1. d4 c5 2. d5 g6 3. c4 Bg7 4. e4 d6 5. Nc3 Nf6 6. f4 0-0 7. Nf3 e6 8. Bd3 exd5 9. cxd5 a6 10. a4 b6 11. 0-0 Bb7 12. h3 Nbd7 13. g4 h6 14. Be3 Qe7 15. Qd2 Bc8 16. Rae1 Re8 17. Kg2 Nh7 18. e5 dxe5 19. fxe5 Nxe5 20. Nxe5 Bxe5 21. Bf4 Qc7 22. Bxe5 Rxe5 23. Qf4 f6 24. Bxg6 Nf8 25. Qxh6 Rxe1 26. Rxe1 Bb7 27. Bd3 Rd8 28. Be4 Rd7 29. Rf1 Rf7 30. g5 Nd7 31. Rf3 Rg7 32. h4 Qe5 33. Qh5 fxg5 34. Rg3 gxh4 35. Qxh4 Rxg3+ 36. Qxg3+ Qxg3+ 37. Kxg3 Kf7 38. Kf4 Kf6 39. b3 Ne5 40. Bh7 1/2-1/2

[Event "Collado Villalba op-B 32nd"]
[Site "Collado Villalba"]
[Date "2015.08.22"]
[Round "1"]
[White "Guerrero Gonzalez, Francisco"]
[Black "Criado Herrero, Luis"]
[Result "1-0"]
[WhiteElo "1753"]
[BlackElo "1501"]
[PlyCount "137"]
[EventDate "2015.08.22"]
[EventType "swiss"]
[EventRounds "9"]
[EventCountry "ESP"]
[SourceTitle "EXT 2016"]
[Source "ChessBase"]
[SourceDate "2015.10.08"]
[SourceVersion "1"]
[SourceVersionDate "2015.10.08"]
[SourceQuality "1"]

1. d4 Nf6 2. c4 e6 3. Nf3 c6 4. Bg5 d5 5. e3 Be7 6. Nc3 a6 7. c5 Nbd7 8. Bd3 b6 9. b4 a5 10. a3 Ba6 11. Bxa6 Rxa6 12. b5 cxb5 13. c6 Nb8 14. Qd3 Qc8 15. Ne5 0-0 16. Qxb5 Qc7 17. 0-0 Rd8 18. Rfc1 Ra7 19. Na4 Ra6 20. Nc3 Ne8 21. Bxe7 Qxe7 22. Nd7 Nc7 23. Qd3 Nxc6 24. Nxd5 exd5 25. Rxc6 Qxd7 26. Rxc7 Qxc7 27. Qxa6 Rc8 28. g3 g6 29. Rb1 Rb8 30. Qb5 Qd6 31. a4 Kg7 32. Rc1 Qd8 33. Rc6 Kh6 34. h4 f5 35. Re6 Rb7 36. Qc6 Rb8 37. Rd6 Qc8 38. Qxd5 Qc1+ 39. Kg2 Qc2 40. Qf3 Qe4 41. Qxe4 fxe4 42. g4 b5 43. axb5 Rxb5 44. Ra6 Rd5 45. Kg3 Rb5 46. Kf4 Rb2 47. Rxa5 Rxf2+ 48. Kxe4 Rg2 49. Kf3 Rh2 50. h5 Rh3+ 51. Kf4 g5+ 52. Ke4 Rg3 53. Ra6+ Kg7 54. Kf5 Rxe3 55. Kxg5 Re4 56. Ra7+ Kg8 57. Rd7 Re8 58. Kf5 Rc8 59. Ke6 Re8+ 60. Re7 Rb8 61. d5 Rb6+ 62. d6 Rb8 63. h6 Kf8 64. Rxh7 Re8+ 65. Kf6 Kg8 66. Re7 Rf8+ 67. Ke6 Rc8 68. d7 Rc6+ 69. Kd5 1-0